000 00699nam a2200181Ia 4500
008 190422s9999 xx 000 0 und d
100 _aBatara, Jame Bryan L
245 4 _aThe pleasure principle: Impulsivity overpowers condom use effficacy among men who have sex with men (MSM) /
245 _cJame Bryan L. Batara, Ma. Lourdes Cubil, Hanna Valerie Dy, Ruxan Faith Mapili and Kirstein Eloise Balderas.--
260 _bPsychological Association of the Philippines
260 _c2017
300 _apages 97-113, December 2017
440 _aPhilippine Journal of Psychology
_v50(2)
650 _aCondom use Efficacy
650 _aImpulsivity
650 _aRisky Sex
650 _aSelf-Efficacy
999 _c361465
_d361465